| 000 | 00423nam a2200157Ia 4500 | ||
|---|---|---|---|
| 008 | 210716s2007 xx 000 0 und d | ||
| 020 | _a9780070502756 | ||
| 041 | _aeng | ||
| 082 | _a658.3 SAIM | ||
| 100 | _aSaiyadain, Mirza S. | ||
| 245 | _aHuman resource management. | ||
| 250 | _a3 | ||
| 260 |
_aNew Delhi _bTata McGraw Hill Publishing Company Ltd _c2007 |
||
| 300 | _axvi,509 | ||
| 650 | _aHuman Resource Management | ||
| 999 |
_c202164 _d202164 |
||